[Event "Athenaeum v Poisoned Pawns"]
[Site "?"]
[Date "2002.??.??"]
[Round "4"]
[White "Clarke, Thomas"]
[Black "Goodger, Martyn"]
[Result "1-0"]
[WhiteElo "2169"]
[BlackElo "2143"]
[PlyCount "83"]
[EventDate "2002.??.??"]

1. d4 f5 2. c4 Nf6 3. Nc3 d6 4. e4 fxe4 5. f3 e5 6. dxe5 dxe5 7. Qxd8+ Kxd8 8.
fxe4 Bb4 9. Bd2 c6 10. Nf3 Bd6 11. O-O-O Ke7 12. c5 Bc7 13. Bc4 Be6 14. Bxe6
Kxe6 15. Rhf1 Nbd7 16. Be3 b6 17. cxb6 axb6 18. g4 h6 19. Rg1 Rhf8 20. Nh4 b5
21. a3 Kf7 22. Nf5 Rad8 23. h4 h5 24. gxh5 Nxh5 25. Rdf1 Ndf6 26. Bc5 Rfe8 27.
Rg5 g6 28. Ne3 Nf4 29. Ng4 Nxg4 30. Rxg4 Kg7 31. Kc2 Rh8 32. Be7 Bb6 33. Bxd8
Bxd8 34. Rd1 Ne6 35. Rd7+ Kf6 36. Ne2 Nd4+ 37. Nxd4 exd4 38. Rd6+ Ke5 39. Rxc6
Bxh4 40. Rcxg6 Rc8+ 41. Kd3 Bf2 42. R4g5+ 1-0

[Event "Athenaeum v Poisoned Pawns"]
[Site "?"]
[Date "2002.??.??"]
[Round "4"]
[White "Edwards, Raymond B"]
[Black "Winser, Lewis"]
[Result "1/2-1/2"]
[WhiteElo "2076"]
[BlackElo "1704"]
[PlyCount "112"]
[EventDate "2002.??.??"]

1. d4 c6 2. c4 g6 3. Nc3 Bg7 4. e4 e6 5. Nf3 d5 6. Be2 Ne7 7. O-O b6 8. Bg5 Bb7
9. e5 h6 10. Bh4 g5 11. Bg3 Nf5 12. cxd5 cxd5 13. h3 a6 14. Qd2 Nc6 15. Bh2
Nfe7 16. Rad1 Ng6 17. Ne1 f5 18. exf6 Qxf6 19. Nc2 O-O 20. Na4 Qd8 21. Bg4 e5
22. dxe5 Ncxe5 23. Be6+ Kh8 24. Bxd5 Bxd5 25. Qxd5 Qxd5 26. Rxd5 b5 27. Nc5
Rfc8 28. Ne3 Nc4 29. b3 Nb6 30. Rd6 Rxc5 31. Rxb6 Nf4 32. Rd1 Ra7 33. Rbd6 a5
34. Kf1 Rac7 35. Ng4 Rc1 36. Bxf4 gxf4 37. Rxc1 Rxc1+ 38. Ke2 Rc2+ 39. Rd2 Rc3
40. Nh2 Kh7 41. Nf3 Rc5 42. Kd3 Bc3 43. Rc2 b4 44. Re2 Rc7 45. Re4 Bf6 46. Rc4
Rd7+ 47. Ke4 Re7+ 48. Kf5 Bc3 49. Nd4 Rf7+ 50. Ke4 Rg7 51. Kf3 Rd7 52. Nc6 Rd3+
53. Kxf4 Rd2 54. Nxa5 Rxf2+ 55. Kg3 Rxa2 56. Nc6 Be1+ 1/2-1/2

[Event "Athenaeum v Poisoned Pawns"]
[Site "?"]
[Date "2002.??.??"]
[Round "4"]
[White "Pederson, Carsten"]
[Black "Dignam, Matthew"]
[Result "1-0"]
[WhiteElo "1928"]
[BlackElo "2115"]
[PlyCount "70"]
[EventDate "2002.??.??"]

1. e4 d6 2. d4 Nf6 3. Bd3 e5 4. c3 Nc6 5. d5 Ne7 6. Ne2 g6 7. c4 Bg7 8. Nbc3
O-O 9. f3 Nd7 10. Be3 f5 11. exf5 gxf5 12. Qd2 Nc5 13. O-O-O b5 14. Nxb5 a6 15.
Nbc3 Rb8 16. Bb1 f4 17. Bxc5 dxc5 18. g4 Qe8 19. h4 Rf6 20. Ne4 Rfb6 21. b3 a5
22. N2c3 a4 23. Nxc5 axb3 24. axb3 Ng6 25. Bc2 Qe7 26. N3e4 Ra8 27. Qd3 Ra5 28.
h5 Nf8 29. d6 cxd6 30. Na4 Rba6 31. h6 Bh8 32. Rh5 Ng6 33. c5 Be6 34. cxd6 Qd8
35. Qd2 Rc6 1-0

[Event "Athenaeum v Poisoned Pawns"]
[Site "?"]
[Date "2002.??.??"]
[Round "4"]
[White "Smith, Robyn"]
[Black "Koasha, Kieran"]
[Result "1/2-1/2"]
[WhiteElo "1304"]
[BlackElo "1336"]
[PlyCount "164"]
[EventDate "2002.??.??"]

1. e4 e5 2. Nf3 Nc6 3. d4 exd4 4. c3 dxc3 5. Nxc3 Bc5 6. Bc4 d6 7. Be3 Bxe3 8.
fxe3 Bg4 9. O-O Nf6 10. Qb3 O-O 11. Nd4 Na5 12. Qa4 Nxc4 13. Qxc4 c5 14. Nf5 a6
15. Nd5 Bxf5 16. Nxf6+ Qxf6 17. Rxf5 Qe6 18. Qc2 Rfe8 19. e5 dxe5 20. Raf1 f6
21. R1f3 e4 22. Rf2 b6 23. g4 Rad8 24. b3 Rd5 25. Rxd5 Qxd5 26. Rd2 Qg5 27.
Qc4+ Kf8 28. Qe2 f5 29. h3 f4 30. exf4 Qxf4 31. Qe1 e3 32. Re2 Kg8 33. Kg2 Qe4+
34. Kg3 Qe5+ 35. Kg2 Qf4 36. Qg3 Qe4+ 37. Qf3 Qd3 38. Kg3 b5 39. Re1 c4 40. Rf1
Qg6 41. bxc4 bxc4 42. Qd5+ Qe6 43. Qxe6+ Rxe6 44. Re1 c3 45. Kf3 c2 46. Ke2 Rd6
47. Rc1 Rd2+ 48. Kxe3 Rh2 49. Kf4 Rxh3 50. Rxc2 h6 51. Rc6 Ra3 52. Rc2 Kf7 53.
Rc7+ Kg6 54. Rc6+ Kh7 55. Rc2 Ra5 56. Rb2 h5 57. Rh2 Kg6 58. gxh5+ Rxh5 59.
Rg2+ Kh6 60. Rd2 Kh7 61. Rd3 g6 62. Ra3 Rf5+ 63. Kg4 Rf6 64. Kg5 Rf5+ 65. Kg4
a5 66. Re3 Rb5 67. a3 Kh6 68. Rh3+ Rh5 69. Rh4 Rxh4+ 70. Kxh4 a4 71. Kg4 g5 72.
Kg3 Kg6 73. Kg4 Kf6 74. Kg3 Kf5 75. Kf3 g4+ 76. Kg3 Ke4 77. Kxg4 Kd4 78. Kf4
Kc3 79. Ke3 Kb3 80. Kd3 Kxa3 81. Kc3 Ka2 82. Kc2 Ka1 1/2-1/2

[Event "Metropolitan v Guildford"]
[Site "?"]
[Date "2002.??.??"]
[Round "4"]
[White "Djabri, Zafer M"]
[Black "Punnett, Alan K"]
[Result "1/2-1/2"]
[WhiteElo "1776"]
[BlackElo "2121"]
[PlyCount "111"]
[EventDate "2002.??.??"]

1. c4 Nf6 2. Nc3 e6 3. e4 d6 4. d4 Be7 5. Nf3 O-O 6. Be2 c6 7. O-O Qc7 8. h3 e5
9. d5 c5 10. Rb1 Kh8 11. Be3 Ng8 12. b4 cxb4 13. Nb5 Qa5 14. c5 dxc5 15. d6 Na6
16. dxe7 Nxe7 17. Nxe5 Be6 18. Nd6 Qc7 19. Nec4 Rad8 20. Qc1 Bxc4 21. Nxc4 b5
22. Bf4 Qc6 23. Ne5 Qxe4 24. Bxb5 Nd5 25. Re1 Qxf4 26. Qxf4 Nxf4 27. Bxa6 f6
28. Nf3 Nd5 29. Rbd1 g6 30. Bb7 Nc3 31. Rc1 a5 32. Ba6 a4 33. Bc4 Rfe8 34. Kf1
Rxe1+ 35. Kxe1 Rb8 36. Kd2 Ne4+ 37. Ke3 Nd6 38. Nd2 Rd8 39. Ke2 Nf5 40. Nf3
Re8+ 41. Kd2 Rd8+ 42. Kc2 Kg7 43. Rd1 Rxd1 44. Kxd1 Nd6 45. Nd2 f5 46. Kc2 Kf6
47. Kd3 g5 48. Bd5 Ke5 49. Bc6 b3 50. axb3 axb3 51. Kc3 g4 52. hxg4 fxg4 53.
Nxb3 g3 54. fxg3 Nf5 55. Nxc5 Nxg3 56. Nd3+ 1/2-1/2

[Event "Metropolitan v Guildford"]
[Site "?"]
[Date "2002.??.??"]
[Round "4"]
[White "Fogarasi, Norbert"]
[Black "Briscoe, Christopher"]
[Result "1/2-1/2"]
[WhiteElo "2178"]
[BlackElo "2157"]
[PlyCount "26"]
[EventDate "2002.??.??"]

1. d4 Nf6 2. c3 g6 3. Bg5 Bg7 4. f4 Ne4 5. Bh4 c5 6. e3 cxd4 7. exd4 O-O 8. Bd3
f5 9. Nf3 Qc7 10. O-O d5 11. Ne5 e6 12. Nd2 Nd7 13. Ndf3 Ndf6 1/2-1/2

[Event "Metropolitan v Guildford"]
[Site "?"]
[Date "2002.??.??"]
[Round "4"]
[White "Shepley, Julien M"]
[Black "Calvert, D Ian"]
[Result "1-0"]
[WhiteElo "2108"]
[BlackElo "2058"]
[PlyCount "71"]
[EventDate "2002.??.??"]

1. Nc3 d5 2. e4 dxe4 3. Nxe4 Nd7 4. Bc4 e6 5. Nf3 Ngf6 6. Ng3 Bd6 7. Qe2 Nb6 8.
Bb3 a5 9. a4 Nbd5 10. O-O b6 11. Nf5 O-O 12. Nxd6 Qxd6 13. d3 Bb7 14. Ne5 Nd7
15. f4 Nc5 16. Bc4 f6 17. Ng4 Rae8 18. d4 Nd7 19. c3 Kh8 20. Bd2 f5 21. Ne5
Nxe5 22. fxe5 Qe7 23. Qh5 Qf7 24. Qh4 Qg6 25. Rf2 h6 26. Raf1 Qh7 27. Bd3 g5
28. Qh5 Qg7 29. g3 Rg8 30. c4 Nb4 31. Bxf5 exf5 32. Rxf5 Ref8 33. Rf6 Rxf6 34.
Rxf6 Be4 35. Rxh6+ Bh7 36. Bxg5 1-0

[Event "Metropolitan v Guildford"]
[Site "?"]
[Date "2002.??.??"]
[Round "4"]
[White "Stimpson, Philip M"]
[Black "Kruszynski, Robert G"]
[Result "1-0"]
[WhiteElo "1912"]
[BlackElo "1840"]
[PlyCount "95"]
[EventDate "2002.??.??"]

1. e4 c5 2. Nc3 Nc6 3. Nf3 e5 4. Bc4 Be7 5. d3 Nf6 6. Nd5 d6 7. Nxe7 Qxe7 8.
O-O Bg4 9. c3 O-O 10. h3 Be6 11. Bxe6 fxe6 12. Re1 Rae8 13. Be3 h6 14. Nh2 d5
15. Ng4 d4 16. Bd2 Nxg4 17. Qxg4 Qf6 18. Rf1 dxc3 19. bxc3 Kh7 20. Be3 b6 21.
Rab1 Qg6 22. Qxg6+ Kxg6 23. Rfd1 Rd8 24. Kf1 Rd7 25. Ke2 Rfd8 26. g3 Kf6 27. f4
Kg6 28. Rd2 exf4 29. gxf4 e5 30. f5+ Kf7 31. Rg1 Rd6 32. h4 R8d7 33. h5 Kf8 34.
a4 Kf7 35. Rb1 Kf8 36. Rb5 Kf7 37. a5 Ne7 38. axb6 axb6 39. Bf2 Nc8 40. Bg3 Kf6
41. d4 cxd4 42. Bxe5+ Kg5 43. Bxd6 Rxd6 44. cxd4 Na7 45. Rb3 Kf4 46. e5 Rc6 47.
Rf3+ Ke4 48. f6 1-0

[Event "Metropolitan v White Rose"]
[Site "?"]
[Date "2002.??.??"]
[Round "4"]
[White "McGuiness, Andrew E"]
[Black "Lewyk, Ihor"]
[Result "0-1"]
[WhiteElo "1888"]
[BlackElo "1912"]
[PlyCount "58"]
[EventDate "2002.??.??"]

1. e4 d5 2. exd5 Nf6 3. h3 Nxd5 4. Nc3 Nxc3 5. bxc3 e6 6. d4 Bd6 7. Nf3 O-O 8.
Bd3 c5 9. Qe2 Nd7 10. Bxh7+ Kxh7 11. Ng5+ Kg8 12. O-O Nf6 13. Be3 Qc7 14. Rfd1
Bf4 15. c4 Bxe3 16. fxe3 cxd4 17. Rxd4 e5 18. Rh4 Bf5 19. Rf1 Bg6 20. Rxf6 gxf6
21. Ne4 Qc6 22. Qf3 f5 23. Qg3 fxe4 24. Qxe5 f6 25. Qg3 Kf7 26. Rh6 Rg8 27. Qf4
Rad8 28. h4 Rd1+ 29. Kh2 Qd6 0-1

[Event "Metropolitan v White Rose"]
[Site "?"]
[Date "2002.??.??"]
[Round "4"]
[White "Noden, Nicolas"]
[Black "Keeling, Geoff"]
[Result "1-0"]
[WhiteElo "2205"]
[BlackElo "2043"]
[PlyCount "79"]
[EventDate "2002.??.??"]

1. e4 e5 2. Nc3 Nf6 3. Bc4 Bc5 4. d3 d6 5. f4 c6 6. Nf3 b5 7. Bb3 Qe7 8. Qe2
Be6 9. Bxe6 Qxe6 10. f5 Qe7 11. h3 a5 12. g4 Nfd7 13. Bg5 f6 14. Bd2 Na6 15.
Kf1 Nc7 16. h4 d5 17. Rh3 O-O-O 18. Nd1 Bb6 19. a4 b4 20. c3 c5 21. Ne3 d4 22.
Nc4 Ne8 23. Rc1 Kb7 24. Kg2 Nd6 25. Nxd6+ Qxd6 26. c4 Rdg8 27. Kf2 Bd8 28. b3
Qf8 29. Rg1 Be7 30. Ke1 Kc6 31. Rhg3 Kd6 32. Qg2 Qf7 33. g5 fxg5 34. hxg5 Qf8
35. Rh1 Qf7 36. Rgh3 g6 37. f6 Bd8 38. Rh6 Bc7 39. Qh2 Nxf6 40. Qxe5+ 1-0

[Event "Metropolitan v White Rose"]
[Site "?"]
[Date "2002.??.??"]
[Round "4"]
[White "Shaw, Peter"]
[Black "Griffiths, Kathy"]
[Result "1-0"]
[WhiteElo "1960"]
[BlackElo "2005"]
[PlyCount "85"]
[EventDate "2002.??.??"]

1. d4 Nf6 2. Nf3 g6 3. Bf4 Bg7 4. Nc3 d6 5. e4 O-O 6. h3 a6 7. a4 c6 8. Bd3 Nh5
9. Be3 Nd7 10. g4 Nhf6 11. Qd2 Qa5 12. O-O e5 13. dxe5 Nxe5 14. Nxe5 dxe5 15.
f3 Be6 16. Qe2 Qb4 17. a5 Nd7 18. Na4 Qe7 19. Qf2 Rfe8 20. Rfd1 Bf6 21. Nb6 Bh4
22. Qe2 Nxb6 23. Bxb6 Bg3 24. Bc4 Bc8 25. Ra3 Bf4 26. Qf2 Qb4 27. Bb3 Qe7 28.
Raa1 h5 29. Rd3 hxg4 30. hxg4 Kg7 31. Rad1 Rh8 32. Bd8 Qb4 33. g5 Bxg5 34. Bxg5
Qxa5 35. Rd6 Rh5 36. Bf6+ Kh7 37. Rd8 Be6 38. Rxa8 g5 39. Bxe6 fxe6 40. Rh8+
Kg6 41. Rxh5 Kxh5 42. Qh2+ Kg6 43. Qxe5 1-0

[Event "Metropolitan v White Rose"]
[Site "?"]
[Date "2002.??.??"]
[Round "4"]
[White "Webb, Matthew"]
[Black "Young, Collins"]
[Result "1/2-1/2"]
[WhiteElo "1512"]
[BlackElo "1608"]
[PlyCount "121"]
[EventDate "2002.??.??"]

1. d4 d5 2. Nf3 Bf5 3. Bg5 h6 4. Bh4 c6 5. Nbd2 Qb6 6. Nb3 e6 7. e3 Nd7 8. c3
c5 9. Qd2 c4 10. Nc1 Ngf6 11. Ne2 Ne4 12. Qc1 Bd6 13. Nd2 Ndf6 14. f3 Nxd2 15.
Qxd2 g5 16. Bf2 Bd3 17. Ng3 Bg6 18. Be2 Qc7 19. Bd1 Qb6 20. Bc2 Bxc2 21. Qxc2
Qc7 22. e4 dxe4 23. Nxe4 Nxe4 24. Qxe4 Bxh2 25. d5 O-O-O 26. O-O-O Bf4+ 27. Kc2
exd5 28. Rxd5 Rxd5 29. Qxd5 Kb8 30. Qd4 Rd8 31. Qxa7+ Kc8 32. Qa8+ Qb8 33.
Qxb8+ Kxb8 34. Bd4 Re8 35. Kd1 Re6 36. Re1 Rxe1+ 37. Kxe1 h5 38. Kf2 h4 39. Bf6
Kc7 40. b3 cxb3 41. axb3 Kd6 42. Bd4 Be5 43. Be3 f6 44. c4 Kc6 45. b4 b5 46.
cxb5+ Kxb5 47. Bc5 Kc4 48. Be7 Bd4+ 49. Ke2 Kd5 50. Kd3 Be5 51. b5 Ke6 52. Bc5
f5 53. Bf2 Kd5 54. b6 Kc6 55. Kc4 Bf6 56. Kd3 Bd8 57. Be3 g4 58. fxg4 fxg4 59.
Ke4 h3 60. gxh3 gxh3 61. Kf3 1/2-1/2

[Event "NW Eagles v Guildford"]
[Site "?"]
[Date "2002.??.??"]
[Round "4"]
[White "Charleshouse, Glenn L"]
[Black "Jones, Christopher"]
[Result "1-0"]
[WhiteElo "2301"]
[BlackElo "2178"]
[PlyCount "77"]
[EventDate "2002.??.??"]

1. e4 Nf6 2. e5 Nd5 3. d4 d6 4. Nf3 dxe5 5. Nxe5 g6 6. Bc4 c6 7. Qf3 Be6 8. O-O
Bg7 9. Nd2 Nd7 10. Nxd7 Qxd7 11. c3 Bg4 12. Qg3 Nf6 13. Re1 O-O 14. h3 Bf5 15.
Nf3 Ne4 16. Qf4 Nd6 17. Bb3 Qd8 18. Ne5 a5 19. a4 Qb6 20. Ba2 Rad8 21. g4 Bc8
22. Nd3 e6 23. Qg3 Ne8 24. Bf4 Qa7 25. Qh4 Bf6 26. Qg3 b6 27. Ne5 Qb7 28. g5
Bg7 29. Ng4 f5 30. Ne5 c5 31. Rad1 cxd4 32. cxd4 Nd6 33. Qf3 Kh8 34. h4 b5 35.
d5 exd5 36. Qxd5 Qxd5 37. Bxd5 bxa4 38. Ba2 a3 39. bxa3 1-0

[Event "NW Eagles v Guildford"]
[Site "?"]
[Date "2002.??.??"]
[Round "4"]
[White "Hill, David F"]
[Black "Hague, Ben"]
[Result "0-1"]
[WhiteElo "2151"]
[BlackElo "2219"]
[PlyCount "81"]
[EventDate "2002.??.??"]

1. Nf3 g6 2. c4 Bg7 3. Nc3 d6 4. d4 f5 5. g3 Nf6 6. Bg2 O-O 7. O-O Nc6 8. b3 e5
9. dxe5 dxe5 10. e4 fxe4 11. Ng5 Bg4 12. Qxd8 Raxd8 13. h3 Bf3 14. Ne6 Rd3 15.
Nxf8 Bxf8 16. Na4 Nd4 17. Bg5 Nd7 18. Be3 Nc5 19. Nxc5 Bxc5 20. Kh1 Bb6 21.
Bxf3 exf3 22. Rfd1 Rxe3 23. fxe3 Nf5 24. Rd5 e4 25. c5 Ba5 26. Rxf5 gxf5 27.
Rd1 Kf7 28. Kg1 Ke6 29. Rd8 Bb4 30. g4 f4 31. Rd4 Bxc5 32. Rxe4+ Kd5 33. Rd4+
Bxd4 34. exd4 Kxd4 35. Kf2 Ke4 36. h4 c5 37. h5 b5 38. g5 Kf5 39. g6 hxg6 40.
h6 Kf6 41. Kxf3 0-1

[Event "NW Eagles v Guildford"]
[Site "?"]
[Date "2002.??.??"]
[Round "4"]
[White "Hulmes, David I"]
[Black "Sharp, Peter"]
[Result "1-0"]
[WhiteElo "2144"]
[BlackElo "2104"]
[PlyCount "63"]
[EventDate "2002.??.??"]

1. e4 Nf6 2. e5 Nd5 3. d4 d6 4. Nf3 Bg4 5. Be2 c6 6. O-O Bxf3 7. Bxf3 dxe5 8.
dxe5 e6 9. Qe2 Nd7 10. Re1 h6 11. Nd2 Qc7 12. a4 O-O-O 13. Nc4 Kb8 14. a5 a6
15. Bd2 g6 16. g3 Be7 17. Bg2 Nf8 18. Be4 Nd7 19. Bg2 Nf8 20. Qf3 Rh7 21. Rab1
g5 22. b4 Ng6 23. Qe4 h5 24. Na3 h4 25. c4 hxg3 26. hxg3 Ndf4 27. Bxf4 gxf4 28.
b5 axb5 29. Nxb5 Qxa5 30. Nd6 Qxe5 31. Rxb7+ Ka8 32. Qxe5 1-0

[Event "NW Eagles v Guildford"]
[Site "?"]
[Date "2002.??.??"]
[Round "4"]
[White "Sirisena, Chantal"]
[Black "Bradley, Karen"]
[Result "1-0"]
[WhiteElo "1288"]
[BlackElo "1288"]
[PlyCount "101"]
[EventDate "2002.??.??"]

1. e4 e6 2. d4 d5 3. Nd2 Nf6 4. e5 Nfd7 5. Bd3 c5 6. c3 Nc6 7. Ne2 Qb6 8. Nf3
cxd4 9. cxd4 Bb4+ 10. Bd2 Bxd2+ 11. Qxd2 Qb4 12. O-O Qxd2 13. Nxd2 O-O 14. a3
Nb6 15. f4 Bd7 16. Rf3 f5 17. Rh3 h6 18. Rf1 Be8 19. Kh1 Rc8 20. Rg1 Ne7 21. g4
Bg6 22. g5 hxg5 23. Rxg5 Kf7 24. Nf3 Rh8 25. Rhg3 Nc4 26. Bxc4 Rxc4 27. Nc3 Rh5
28. Kg2 Rxg5 29. Nxg5+ Kg8 30. Nxe6 Rc6 31. Nc5 b6 32. Nb3 Bf7 33. Kf3 Rh6 34.
h3 Rc6 35. Nd2 Rc7 36. Ke2 Ng6 37. Ke3 Ne7 38. Nf3 Ng6 39. Rg5 Ne7 40. Nh4 Be6
41. Ng6 Nxg6 42. Rxg6 Re7 43. Nb5 Kh7 44. Rg5 g6 45. Nd6 Rc7 46. Kd2 Rc6 47. h4
Rc7 48. h5 gxh5 49. Rxh5+ Kg6 50. Rg5+ Kh6 51. Nxf5+ 1-0

[Event "Numerica 3Cs v Poisoned Pawns"]
[Site "?"]
[Date "2002.??.??"]
[Round "4"]
[White "Ashton, Adam G"]
[Black "Hammond, Andrew JC"]
[Result "1-0"]
[WhiteElo "2146"]
[BlackElo "2200"]
[PlyCount "53"]
[EventDate "2002.??.??"]

1. e4 c5 2. Nf3 e6 3. d4 cxd4 4. Nxd4 Nc6 5. Nc3 a6 6. Nxc6 bxc6 7. Bd3 d5 8.
O-O Nf6 9. Re1 Bb7 10. e5 Nd7 11. Na4 h5 12. c4 d4 13. f4 g6 14. Be4 Nc5 15.
Nxc5 Bxc5 16. Bd2 a5 17. b3 Qe7 18. Qf3 Kd7 19. Red1 Kc7 20. Be1 Rhd8 21. Rd3
Rd7 22. Rad1 a4 23. Rb1 Bb4 24. Bf2 Bc5 25. b4 Bxb4 26. a3 Bc5 27. Rxb7+ 1-0

[Event "Numerica 3Cs v Poisoned Pawns"]
[Site "?"]
[Date "2002.??.??"]
[Round "4"]
[White "English, Ray"]
[Black "Retallick, Lloyd"]
[Result "1/2-1/2"]
[WhiteElo "1992"]
[BlackElo "1992"]
[PlyCount "34"]
[EventDate "2002.??.??"]

1. e4 c6 2. d3 e5 3. Nf3 Nf6 4. g3 d6 5. Bg2 g6 6. Nbd2 Bg7 7. O-O O-O 8. a4 b6
9. Re1 Qc7 10. c3 Re8 11. Nf1 a6 12. h4 Nbd7 13. N3h2 Nf8 14. f4 Bb7 15. f5 d5
16. g4 N6d7 17. Ng3 h6 1/2-1/2

[Event "Numerica 3Cs v Poisoned Pawns"]
[Site "?"]
[Date "2002.??.??"]
[Round "4"]
[White "Quintana, Marcos I"]
[Black "Plant, Plant"]
[Result "0-1"]
[WhiteElo "1850"]
[BlackElo "1768"]
[PlyCount "89"]
[EventDate "2002.??.??"]

1. e4 e6 2. d4 d5 3. e5 c5 4. c3 Nc6 5. Nf3 Qb6 6. Be2 Nh6 7. Bxh6 Qxb2 8. Nbd2
gxh6 9. Qc1 Qxc1+ 10. Rxc1 Bd7 11. O-O Be7 12. dxc5 Bxc5 13. Nb3 Bb6 14. c4 Rg8
15. cxd5 exd5 16. Rfd1 Be6 17. Bb5 Rc8 18. Nfd4 Bd7 19. Nc5 Bxc5 20. Rxc5 Ke7
21. Rxd5 Bh3 22. Bf1 Nxd4 23. R5xd4 Bf5 24. g3 Rgd8 25. Rxd8 Rxd8 26. Rxd8 Kxd8
27. Bc4 Ke7 28. Bd5 b6 29. f4 Be6 30. Bb3 Bxb3 31. axb3 Ke6 32. Kf2 Kd5 33. Ke3
h5 34. Kd3 h4 35. b4 hxg3 36. hxg3 a5 37. bxa5 bxa5 38. Kc3 Ke4 39. Kb3 h5 40.
Ka4 h4 41. gxh4 Kxf4 42. Kxa5 Kxe5 43. Kb4 Kf4 44. Kc4 Kg4 45. Kd3 0-1

[Event "Numerica 3Cs v Poisoned Pawns"]
[Site "?"]
[Date "2002.??.??"]
[Round "4"]
[White "Young, Craig A"]
[Black "Bentley, John L"]
[Result "0-1"]
[WhiteElo "2102"]
[BlackElo "2147"]
[PlyCount "46"]
[EventDate "2002.??.??"]

1. Nf3 Nf6 2. c4 g6 3. Nc3 Bg7 4. e4 d6 5. d4 O-O 6. Be2 Bg4 7. O-O a6 8. h3
Bxf3 9. Bxf3 Nfd7 10. Be3 c5 11. d5 b5 12. Be2 Nb6 13. cxb5 axb5 14. Bxb5 Na6
15. Qe2 Nc7 16. Bc6 Ra5 17. Rfc1 Qb8 18. Rab1 Nc8 19. b3 Na7 20. Ba4 Bxc3 21.
Rxc3 Rxa4 22. bxa4 Qxb1+ 23. Kh2 Qxe4 0-1

[Event "Numerica 3Cs v Slough"]
[Site "?"]
[Date "2002.??.??"]
[Round "4"]
[White "Armstrong, Malcolm J"]
[Black "Gordon, Stephen J"]
[Result "0-1"]
[WhiteElo "2132"]
[BlackElo "1968"]
[PlyCount "128"]
[EventDate "2002.??.??"]

1. d4 Nf6 2. Nf3 c5 3. d5 e6 4. c4 exd5 5. cxd5 d6 6. Nc3 g6 7. e4 Bg7 8. h3
O-O 9. Bd3 b6 10. Qe2 Nbd7 11. Bf4 Ne8 12. O-O Qe7 13. a4 a6 14. Nd2 Ne5 15.
Bc2 Nc7 16. Bh2 f6 17. f4 Nf7 18. Ra3 Bd7 19. Bd3 f5 20. exf5 Qxe2 21. Bxe2
gxf5 22. Bf3 b5 23. axb5 axb5 24. Rxa8 Rxa8 25. Re1 Kf8 26. Bg3 Bf6 27. Bf2 b4
28. Nd1 Nb5 29. Nc4 Nd4 30. Bh5 Ra6 31. Nde3 Nh8 32. Bd1 Ng6 33. g3 Ne7 34. g4
Be8 35. Nxf5 Ndxf5 36. gxf5 Bf7 37. Bf3 Nxf5 38. Be4 Nd4 39. Kg2 h6 40. Bg3 Kg7
41. f5 Nxf5 42. Bh2 Ne7 43. Rd1 Nc8 44. Bf5 Nb6 45. Ne3 Bd4 46. Bd3 Bxd5+ 47.
Nxd5 Nxd5 48. Bxa6 Ne3+ 49. Kf3 Nxd1 50. b3 d5 51. Bf4 Nc3 52. Bd2 Ne4 53. Be1
Kf6 54. Kf4 Bf2 55. Bxf2 Nxf2 56. h4 Nd1 57. Bb7 Nc3 58. h5 c4 59. bxc4 dxc4
60. Ba6 b3 61. Bxc4 b2 62. Bd3 b1=Q 63. Bxb1 Nxb1 64. Kg4 Ke5 0-1

[Event "Numerica 3Cs v Slough"]
[Site "?"]
[Date "2002.??.??"]
[Round "4"]
[White "Martin, Katie A"]
[Black "Ball, Yasmin"]
[Result "1/2-1/2"]
[WhiteElo "1448"]
[BlackElo "1384"]
[PlyCount "43"]
[EventDate "2002.??.??"]

1. e4 e5 2. Nf3 Nc6 3. d4 exd4 4. Nxd4 Nf6 5. Nc3 Bb4 6. Nxc6 bxc6 7. Bd3 d6 8.
O-O O-O 9. a3 Bxc3 10. bxc3 Ng4 11. h3 Ne5 12. f4 Nxd3 13. cxd3 f5 14. e5 Ba6
15. Rf3 dxe5 16. fxe5 Qd5 17. d4 c5 18. Be3 cxd4 19. Qxd4 Qe6 20. Bf4 Bb7 21.
Rf2 Be4 22. g4 1/2-1/2

[Event "Numerica 3Cs v Slough"]
[Site "?"]
[Date "2002.??.??"]
[Round "4"]
[White "Taylor, Robrt M"]
[Black "Williams, Samuel G"]
[Result "1/2-1/2"]
[WhiteElo "2153"]
[BlackElo "2140"]
[PlyCount "54"]
[EventDate "2002.??.??"]

1. e4 e5 2. Nf3 Nc6 3. Nc3 Nf6 4. d4 exd4 5. Nxd4 Bb4 6. Nxc6 bxc6 7. Bd3 d5 8.
exd5 cxd5 9. O-O O-O 10. Bg5 c6 11. Qf3 Be7 12. Rae1 Re8 13. h3 h6 14. Bf4 Be6
15. Ne2 Bd6 16. Nd4 Rc8 17. Ba6 Rc7 18. Bd2 Bc5 19. Nb3 Ne4 20. Bf4 Bd6 21. Bd3
Bxf4 22. Qxf4 Nf6 23. Nc5 Rce7 24. b4 Bc8 25. Rxe7 Qxe7 26. Qd4 Qc7 27. c3 Nd7
1/2-1/2

[Event "Numerica 3Cs v Slough"]
[Site "?"]
[Date "2002.??.??"]
[Round "4"]
[White "Whitworth, Philip"]
[Black "De Coverly, Roger"]
[Result "1/2-1/2"]
[WhiteElo "1936"]
[BlackElo "2109"]
[PlyCount "60"]
[EventDate "2002.??.??"]

1. e4 e5 2. Nc3 Nc6 3. Bc4 Nf6 4. d3 Bc5 5. f4 O-O 6. Nf3 Ng4 7. Ng5 d5 8. Bxd5
Bf2+ 9. Kf1 exf4 10. Nxf7 Rxf7 11. Bxf7+ Kxf7 12. Bxf4 Kg8 13. Nd5 Qf8 14. g3
g5 15. c3 gxf4 16. gxf4 Ne3+ 17. Nxe3 Bxe3 18. f5 Bxf5 19. exf5 Qxf5+ 20. Kg2
Qf2+ 21. Kh3 Qf5+ 22. Qg4+ Qxg4+ 23. Kxg4 Rf8 24. d4 Ne7 25. Rhf1 Nd5 26. Rxf8+
Kxf8 27. Kf5 Kf7 28. Ke4 Ke6 29. c4 Nb4 30. Re1 Bh6 1/2-1/2

[Event "Slough v NW Eagles"]
[Site "?"]
[Date "2002.??.??"]
[Round "4"]
[White "Dunlop, Chris"]
[Black "Crichton, Martin"]
[Result "1-0"]
[WhiteElo "2024"]
[BlackElo "2041"]
[PlyCount "93"]
[EventDate "2002.??.??"]

1. e4 c6 2. d4 d5 3. Nd2 dxe4 4. Nxe4 Bf5 5. Ng3 Bg6 6. Nf3 Nd7 7. h4 h6 8. h5
Bh7 9. Bd3 Bxd3 10. Qxd3 Ndf6 11. Bd2 e6 12. O-O-O Qc7 13. Ne4 O-O-O 14. g3
Nxe4 15. Qxe4 Bd6 16. Kb1 Kb8 17. c4 c5 18. Qe2 Ka8 19. Bc3 Nf6 20. d5 Rhe8 21.
Bxf6 gxf6 22. Rhe1 f5 23. Rd3 e5 24. Nh4 Qd7 25. Rf3 f4 26. Qe4 Qg4 27. Nf5
Qxh5 28. Ng7 f5 29. Nxf5 Bf8 30. Rb3 Qf7 31. g4 h5 32. gxh5 Qxh5 33. Rh1 Qf7
34. Rbh3 Qc7 35. a3 Kb8 36. Ka2 a6 37. Rh7 Qc8 38. Rf7 Rd7 39. Rhh7 Rxf7 40.
Rxf7 Qd8 41. d6 Qb6 42. d7 Rd8 43. Qxe5+ Qc7 44. Qd5 b5 45. Rxf8 Rxf8 46. Ne7
Rd8 47. Nc6+ 1-0

[Event "Slough v NW Eagles"]
[Site "?"]
[Date "2002.??.??"]
[Round "4"]
[White "Foster, James"]
[Black "Dekker, Alain"]
[Result "1-0"]
[WhiteElo "2079"]
[BlackElo "2145"]
[PlyCount "103"]
[EventDate "2002.??.??"]

1. c4 Nf6 2. Nc3 g6 3. e4 d6 4. g3 c5 5. Bg2 Bg7 6. Nge2 Nc6 7. O-O O-O 8. d3
Bg4 9. h3 Bd7 10. Kh2 Rb8 11. f4 a6 12. g4 b5 13. Ng3 bxc4 14. dxc4 Na5 15. g5
Ne8 16. Qd3 Nc7 17. b3 Ne6 18. Rb1 Nd4 19. Be3 Nac6 20. Bxd4 cxd4 21. Nce2 e5
22. h4 f6 23. Qd2 f5 24. exf5 gxf5 25. Nh5 Qc8 26. Nxg7 Kxg7 27. h5 Ne7 28. Ng3
h6 29. gxh6+ Kh8 30. Rbe1 Qc5 31. fxe5 dxe5 32. Bd5 f4 33. Ne4 Qb6 34. Nc5 Qxc5
35. Rxe5 Nc6 36. Rg5 Qb4 37. Qd3 Qc3 38. Qg6 Qh3+ 39. Kg1 Qe3+ 40. Rf2 Qe1+ 41.
Kg2 f3+ 42. Bxf3 Bh3+ 43. Kxh3 Rxf3+ 44. Rxf3 Qh1+ 45. Kg3 Qg1+ 46. Kh4 Qh2+
47. Rh3 Qf4+ 48. Rg4 Qf2+ 49. Rgg3 Qf4+ 50. Qg4 Qxh6 51. Qg5 Qh7 52. Qf6+ 1-0

[Event "Slough v NW Eagles"]
[Site "?"]
[Date "2002.??.??"]
[Round "4"]
[White "Purton, Ben"]
[Black "Kennaugh, Charles W"]
[Result "0-1"]
[WhiteElo "2085"]
[BlackElo "2255"]
[PlyCount "96"]
[EventDate "2002.??.??"]

1. e4 e5 2. Nf3 Nc6 3. Bb5 f5 4. d3 Nf6 5. exf5 Be7 6. Nc3 O-O 7. h3 Nd4 8.
Nxd4 exd4 9. Ne2 d5 10. O-O c5 11. c3 a6 12. Ba4 b5 13. Bc2 dxc3 14. bxc3 Bxf5
15. Ng3 Bg6 16. d4 Bxc2 17. Qxc2 cxd4 18. cxd4 Rc8 19. Qd3 Rc4 20. Be3 Qa5 21.
Nf5 Bb4 22. a3 Rc3 23. axb4 Qxa1 24. Rxa1 Rxd3 25. Rxa6 Rb3 26. Ra7 Kh8 27.
Nxg7 Rxb4 28. Ne6 Re8 29. Ng5 Kg8 30. Nf7 Rb1+ 31. Kh2 Rxe3 32. fxe3 Ne4 33.
Nh6+ Kf8 34. Ng4 h5 35. Ne5 Kg8 36. h4 Nc3 37. Nd3 Nd1 38. Nf4 Nxe3 39. Nxh5
Rb2 40. Nf6+ Kf8 41. Nh7+ Ke8 42. Nf6+ Kd8 43. Rg7 Rf2 44. Ng4 Rxg2+ 45. Kh3
Rxg4 46. Rxg4 Nxg4 47. Kxg4 b4 48. h5 Ke7 0-1